Short fibre-polymer composites (Record no. 41668)

MARC details
000 -LEADER
fixed length control field 00347nam a2200133Ia 4500
082 ## - DEWEY DECIMAL CLASSIFICATION NUMBER
Classification number 678-426
Item number DE
245 #0 - TITLE STATEMENT
Title Short fibre-polymer composites
260 ## - PUBLICATION, DISTRIBUTION, ETC. (IMPRINT)
Place of publication England
Name of publisher Woodhead Publishing
Year of publication 1996
650 ## - SUBJECT ADDED ENTRY--TOPICAL TERM
Topical Term Fibre reinforced rubbers
700 ## - ADDED ENTRY--PERSONAL NAME
Personal name De, S K
700 ## - ADDED ENTRY--PERSONAL NAME
Personal name White, J R
942 ## - ADDED ENTRY ELEMENTS (KOHA)
Koha item type Reference
Holdings
Withdrawn status Lost status Damaged status Not for loan Home library Current library Date acquired Cost, normal purchase price Full call number Accession Number Koha item type
        RRII Library RRII Library 16/12/2021 85.00 678-426 DE 21954 Books